<?xml version="1.0" encoding="UTF-8"?>
<record
    xmlns:xsi="http://www.w3.org/2001/XMLSchema-instance"
    xsi:schemaLocation="http://www.loc.gov/MARC21/slim http://www.loc.gov/standards/marcxml/schema/MARC21slim.xsd"
    xmlns="http://www.loc.gov/MARC21/slim">

  <leader>00931nam a2200229Ia 4500</leader>
  <controlfield tag="003">GCL</controlfield>
  <controlfield tag="005">20240530110858.0</controlfield>
  <controlfield tag="008">140319s2010    ua ack        000 0 ara d</controlfield>
  <datafield tag="040" ind1=" " ind2=" ">
    <subfield code="a">GCL / </subfield>
    <subfield code="c">GCL</subfield>
  </datafield>
  <datafield tag="082" ind1="0" ind2="4">
    <subfield code="a">306.27/</subfield>
    <subfield code="b">&#x623; &#x639;</subfield>
    <subfield code="2">21</subfield>
  </datafield>
  <datafield tag="100" ind1="0" ind2=" ">
    <subfield code="a">&#x627;&#x634;&#x631;&#x641; &#x633;&#x644;&#x64A;&#x645;&#x627;&#x646; &#x63A;&#x628;&#x631;&#x64A;&#x627;&#x644;</subfield>
  </datafield>
  <datafield tag="245" ind1="1" ind2="0">
    <subfield code="a">&#x639;&#x644;&#x645; &#x627;&#x644;&#x627;&#x62C;&#x62A;&#x645;&#x627;&#x639; &#x627;&#x644;&#x639;&#x633;&#x643;&#x631;&#x649; :</subfield>
    <subfield code="b">&#x62F;&#x648;&#x631; &#x627;&#x644;&#x645;&#x624;&#x633;&#x633;&#x629; &#x627;&#x644;&#x631;&#x626;&#x627;&#x633;&#x64A;&#x629; &#x648;&#x627;&#x644;&#x639;&#x633;&#x643;&#x631;&#x64A;&#x629; &#x641;&#x649; &#x62A;&#x62D;&#x642;&#x64A;&#x642; &#x627;&#x644;&#x627;&#x645;&#x646; &#x627;&#x644;&#x642;&#x648;&#x645;&#x649; /</subfield>
    <subfield code="c">&#x627;&#x634;&#x631;&#x641; &#x633;&#x644;&#x64A;&#x645;&#x627;&#x646; &#x63A;&#x628;&#x631;&#x64A;&#x627;&#x644;</subfield>
  </datafield>
  <datafield tag="260" ind1=" " ind2=" ">
    <subfield code="a">&#x627;&#x644;&#x627;&#x633;&#x643;&#x646;&#x62F;&#x631;&#x64A;&#x629; : </subfield>
    <subfield code="b">&#x645;&#x624;&#x633;&#x633;&#x629; &#x634;&#x628;&#x627;&#x628; &#x627;&#x644;&#x62C;&#x627;&#x645;&#x639;&#x629;&#x60C; </subfield>
    <subfield code="c">2010.</subfield>
  </datafield>
  <datafield tag="300" ind1=" " ind2=" ">
    <subfield code="a">755 &#x635;. :</subfield>
    <subfield code="b">&#x627;&#x64A;&#x636; &#x61B;</subfield>
    <subfield code="c">24 &#x633;&#x645;.</subfield>
  </datafield>
  <datafield tag="650" ind1="0" ind2="7">
    <subfield code="a">&#x627;&#x644;&#x627;&#x645;&#x646; &#x627;&#x644;&#x642;&#x648;&#x645;&#x649;</subfield>
    <subfield code="2">qrmak</subfield>
  </datafield>
  <datafield tag="650" ind1="0" ind2="7">
    <subfield code="a">&#x639;&#x644;&#x645; &#x627;&#x644;&#x646;&#x641;&#x633; &#x627;&#x644;&#x639;&#x633;&#x643;&#x631;&#x649;</subfield>
    <subfield code="2">qrmak</subfield>
  </datafield>
  <datafield tag="650" ind1="0" ind2="7">
    <subfield code="a">&#x627;&#x644;&#x62D;&#x631;&#x628; &#x648;&#x627;&#x644;&#x645;&#x62C;&#x62A;&#x645;&#x639;</subfield>
    <subfield code="2">qrmak</subfield>
  </datafield>
  <datafield tag="650" ind1="0" ind2="7">
    <subfield code="a">&#x627;&#x644;&#x62A;&#x62C;&#x633;&#x633;</subfield>
    <subfield code="2">qrmak</subfield>
  </datafield>
  <datafield tag="650" ind1="0" ind2="7">
    <subfield code="a">&#x627;&#x644;&#x627;&#x62C;&#x62A;&#x645;&#x627;&#x639; &#x627;&#x644;&#x639;&#x633;&#x643;&#x631;&#x649;&#x60C; &#x639;&#x644;&#x645;</subfield>
    <subfield code="2">qrmak</subfield>
  </datafield>
  <datafield tag="650" ind1="0" ind2="7">
    <subfield code="a">&#x627;&#x644;&#x645;&#x62E;&#x627;&#x628;&#x631;&#x627;&#x62A; &#x627;&#x644;&#x639;&#x633;&#x643;&#x631;&#x64A;&#x629;</subfield>
    <subfield code="2">qrmak</subfield>
  </datafield>
  <datafield tag="942" ind1=" " ind2=" ">
    <subfield code="2">ddc</subfield>
    <subfield code="c">BK</subfield>
  </datafield>
  <datafield tag="999" ind1=" " ind2=" ">
    <subfield code="c">66079</subfield>
    <subfield code="d">66079</subfield>
  </datafield>
  <datafield tag="952" ind1=" " ind2=" ">
    <subfield code="0">0</subfield>
    <subfield code="1">0</subfield>
    <subfield code="2">ddc</subfield>
    <subfield code="4">0</subfield>
    <subfield code="7">0</subfield>
    <subfield code="a">CAI</subfield>
    <subfield code="b">CAI</subfield>
    <subfield code="c">&#x627;&#x644;&#x639;&#x644;&#x648;&#x645; &#x627;&#x644;&#x627;&#x62C;&#x62A;&#x645;&#x627;&#x639;&#x64A;&#x629;-&#x639;&#x631;&#x628;&#x649;</subfield>
    <subfield code="d">2022-01-25</subfield>
    <subfield code="l">0</subfield>
    <subfield code="o">306.27/ &#x623; &#x639;</subfield>
    <subfield code="p">167289</subfield>
    <subfield code="r">2022-01-25 00:00:00</subfield>
    <subfield code="w">2022-01-25</subfield>
    <subfield code="y">BK</subfield>
  </datafield>
</record>
